| 000 | 00317nam a2200109Ia 4500 | ||
|---|---|---|---|
| 008 | 220616s9999||||xx |||||||||||||| ||und|| | ||
| 245 | 0 | _aRoutledge Handbook of Asian Borderlands | |
| 546 | _aEnglish[eng] | ||
| 650 | _aborderlands||Asia | ||
| 700 | _aHorstmann, Alexander||Saxer, Martin||Rippa, Alessandro | ||
| 942 | _cEB | ||
| 999 |
_c20319 _d20319 |
||